00473nam a22001577a 450000500170000001000150001702000260003203500140005803700130007208200150008510000190010024500830011926000410020227000500024330000220029320170517103640.0 aENG-118183 a9789384275266c995.00 aEN-101715 bDBAD/PUB a305.309545 aMeena, Santosh aGender history of india /bSpecial reference on north east /cby Santosh Meena aIndiabNE BOOKS AND PUBLISHERSc2017 aNational Highway Silchar- 788005 Assam, India a194p.c20cm. (Hb)